Войны кровавые цветы: Устные рассказы о Великой Отечественной войне

Xehetasun bibliografikoak
Beste egile batzuk: Гончарова А. В. (составитель)
Gaia:В сборник "Войны кровавые цветы" включены устные рассказы о Великой Отечественной войне, в которых правдиво раскрывается героический, стойкий характер народа, победившего германский фашизм.
Hizkuntza:errusiera
Argitaratua: Москва, Современник, 1979
Saila:Новинки "Современника"
Gaiak:
Formatua: Liburua
KOHA link:https://koha.lib.tpu.ru/cgi-bin/koha/opac-detail.pl?biblionumber=137498

MARC

LEADER 00000nam0a2200000 4500
001 137498
005 20231031141057.0
035 |a (RuTPU)RU\TPU\book\149017 
090 |a 137498 
100 |a 20080513d1979 m y0rusy50 ca 
101 0 |a rus 
102 |a RU 
105 |a a z 001ay 
200 1 |a Войны кровавые цветы  |e Устные рассказы о Великой Отечественной войне  |f сост. А. В. Гончарова 
210 |a Москва  |c Современник  |d 1979 
215 |a 286 с. 
225 1 |a Новинки "Современника" 
330 |a В сборник "Войны кровавые цветы" включены устные рассказы о Великой Отечественной войне, в которых правдиво раскрывается героический, стойкий характер народа, победившего германский фашизм. 
610 1 |a Великая Отечественная война 1941-1945 
610 1 |a рассказы 
675 |a 811  |v 3 
702 1 |a Гончарова  |b А. В.  |4 220 
801 1 |a RU  |b 63413507  |c 20080513  |g PSBO 
801 2 |a RU  |b 63413507  |c 20100506  |g RCR 
942 |c BK